[Event "EU-Cup 39th"]
[Site "Vrnjacka Banja"]
[Date "2024.10.25"]
[Round "6.6"]
[White "Hofman, Marnix"]
[Black "Hammes, Michael"]
[Result "1/2-1/2"]
[WhiteElo "2178"]
[BlackElo "2319"]
[PlyCount "73"]
[EventDate "2024.10.20"]
[EventType "team-swiss"]
[EventRounds "7"]
[EventCountry "SRB"]
[SourceTitle "CB44_2024"]
[Source "Chessbase"]
[SourceDate "2024.10.30"]
[SourceVersion "1"]
[SourceVersionDate "2024.10.30"]
[SourceQuality "1"]
[WhiteTeam "Leiden LSG"]
[BlackTeam "De Sprenger Echternach"]
[WhiteTeamCountry "NED"]
[BlackTeamCountry "GER"]

1. d4 Nf6 2. c4 e6 3. Nc3 Bb4 4. f3 d5 5. a3 Be7 6. e4 dxe4 7. fxe4 e5 8. d5 a5 9. Nf3 Bg4 10. h3 Bxf3 11. Qxf3 0-0 12. Bd2 Na6 13. Bd3 Ne8 14. 0-0-0 Bg5 15. Kb1 Bxd2 16. Rxd2 Nc5 17. Bc2 Nd6 18. Qe2 a4 19. g4 b6 20. Rdd1 Qd7 21. Ka2 Ra5 22. Rb1 Qc8 23. Rhd1 Rd8 24. Bd3 Nxd3 25. Qxd3 Qa6 26. Nb5 Nxb5 27. cxb5 Rxb5 28. Rbc1 c5 29. dxc6 Rxd3 30. Rxd3 Rxb2+ 31. Kxb2 Qxd3 32. c7 Qb3+ 33. Ka1 Qxa3+ 34. Kb1 Qb4+ 35. Ka2 Qd2+ 36. Kb1 Qb4+ 37. Ka2 1/2-1/2

[Event "EU-Cup 39th"]
[Site "Vrnjacka Banja"]
[Date "2024.10.23"]
[Round "4.6"]
[White "Hammes, Michael"]
[Black "Kisic, Bozidar"]
[Result "0-1"]
[WhiteElo "2319"]
[BlackElo "2192"]
[PlyCount "60"]
[EventDate "2024.10.20"]
[EventType "team-swiss"]
[EventRounds "7"]
[EventCountry "SRB"]
[SourceTitle "CB44_2024"]
[Source "Chessbase"]
[SourceDate "2024.10.30"]
[SourceVersion "1"]
[SourceVersionDate "2024.10.30"]
[SourceQuality "1"]
[WhiteTeam "De Sprenger Echternach"]
[BlackTeam "Elektroprivreda"]
[WhiteTeamCountry "GER"]
[BlackTeamCountry "MNE"]

1. d4 d5 2. c4 e5 3. dxe5 d4 4. Nf3 Nc6 5. a3 Nge7 6. Nbd2 Bg4 7. h3 Bh5 8. b4 f6 9. exf6 gxf6 10. Bb2 Qd7 11. b5 Ne5 12. Bxd4 Qe6 13. Nxe5 fxe5 14. Bc3 0-0-0 15. Qc2 Bh6 16. e3 Nf5 17. Bd3 Bg6 18. Bxf5 Bxf5 19. Qb2 Bd3 20. Bxe5 Rhf8 21. f4 Rxf4 22. exf4 Bxf4 23. 0-0-0 Bxe5 24. Qb3 Bg7 25. Rhe1 Qf6 26. Re3 Bg6 27. Nb1 Bh6 28. Rxd8+ Kxd8 29. c5 Qf1+ 30. Kd2 Qf2+ 0-1

[Event "BL2-West 2324"]
[Site "Germany"]
[Date "2023.10.22"]
[Round "2.4"]
[White "Wacker, Peter"]
[Black "Hammes, Michael"]
[Result "1/2-1/2"]
[WhiteElo "2234"]
[BlackElo "2349"]
[PlyCount "51"]
[EventDate "2023.10.21"]
[EventType "team-tourn"]
[EventRounds "10"]
[EventCountry "GER"]
[SourceTitle "EXT 2025"]
[Source "ChessBase"]
[SourceDate "2024.10.14"]
[SourceVersion "1"]
[SourceVersionDate "2024.10.14"]
[SourceQuality "1"]
[WhiteTeam "Koeln SF"]
[BlackTeam "Koblenz"]
[WhiteTeamCountry "GER"]
[BlackTeamCountry "GER"]

1. d4 Nf6 2. Bf4 d5 3. e3 c5 4. c3 Nc6 5. Nd2 cxd4 6. exd4 Bf5 7. Qb3 Qc8 8. h3 e6 9. Ngf3 Be7 10. Be2 h6 11. 0-0 0-0 12. Rfe1 Rd8 13. Bf1 Ne4 14. Nxe4 Bxe4 15. Ne5 Nxe5 16. Bxe5 Bd6 17. Bxd6 Rxd6 18. Qd1 Rb6 19. Qd2 Bg6 20. Re3 Qd8 21. Rg3 Qh4 22. Re1 Rc8 23. Rg4 Qf6 24. Rg3 Qh4 25. Rg4 Qf6 26. Rg3 1/2-1/2

[Event "BL2-West 2324"]
[Site "Germany"]
[Date "2023.10.21"]
[Round "1.5"]
[White "Schaefer, Markus"]
[Black "Hammes, Michael"]
[Result "1/2-1/2"]
[WhiteElo "2358"]
[BlackElo "2349"]
[PlyCount "55"]
[EventDate "2023.10.21"]
[EventType "team-tourn"]
[EventRounds "10"]
[EventCountry "GER"]
[SourceTitle "EXT 2025"]
[Source "ChessBase"]
[SourceDate "2024.10.14"]
[SourceVersion "1"]
[SourceVersionDate "2024.10.14"]
[SourceQuality "1"]
[WhiteTeam "Solingen II"]
[BlackTeam "Koblenz"]
[WhiteTeamCountry "GER"]
[BlackTeamCountry "GER"]

1. e4 e6 2. d4 d5 3. Nd2 Be7 4. Bd3 c5 5. dxc5 Nf6 6. Qe2 a5 7. Ngf3 Na6 8. Bb5+ Bd7 9. exd5 exd5 10. Ne5 Nxc5 11. Nxd7 Ncxd7 12. 0-0 0-0 13. a4 Nc5 14. Nf3 Nce4 15. Be3 Bc5 16. Bxc5 Nxc5 17. Nd4 Qc7 18. Rad1 Rfd8 19. Rfe1 Nce4 20. c3 Rac8 21. Nf5 g6 22. Nd4 h5 23. f3 Nd6 24. Qf2 Qc5 25. Qh4 Nfe8 26. Kf1 Nxb5 27. Nxb5 Nd6 28. Nxd6 1/2-1/2

[Event "BL2-West 2223"]
[Site "Germany"]
[Date "2023.03.18"]
[Round "9.5"]
[White "Hammes, Michael"]
[Black "Baltic, Fatih"]
[Result "1-0"]
[WhiteElo "2336"]
[BlackElo "2271"]
[PlyCount "87"]
[EventDate "2022.10.22"]
[EventType "team-tourn"]
[EventRounds "10"]
[EventCountry "GER"]
[SourceTitle "EXT 2024"]
[Source "ChessBase"]
[SourceDate "2023.10.10"]
[SourceVersion "1"]
[SourceVersionDate "2023.10.10"]
[SourceQuality "1"]
[WhiteTeam "Koblenz"]
[BlackTeam "Muelheim Nord II"]
[WhiteTeamCountry "GER"]
[BlackTeamCountry "GER"]

1. d4 Nf6 2. c4 g6 3. Nc3 Bg7 4. e4 d6 5. Be2 0-0 6. Nf3 Nbd7 7. 0-0 e5 8. Re1 h6 9. Bf1 c6 10. d5 c5 11. a3 Nh7 12. g3 a6 13. b4 b6 14. Rb1 f5 15. Nh4 Qe8 16. exf5 gxf5 17. bxc5 bxc5 18. Qc2 e4 19. f4 Qd8 20. Nd1 Bd4+ 21. Ne3 Qa5 22. Bd2 Qxa3 23. Kh1 Ndf6 24. Bh3 Bd7 25. Nhxf5 Kh8 26. Rb3 Qa4 27. Bc3 Rae8 28. Nxd4 cxd4 29. Bxd7 Qxd7 30. Bxd4 Kg8 31. Reb1 Rf7 32. Rb6 a5 33. Ra6 Nh5 34. Rbb6 Rd8 35. Rxd6 Qxd6 36. Rxd6 Rxd6 37. Qxe4 N7f6 38. Qg6+ Rg7 39. Qb1 Rdd7 40. Nf5 Rh7 41. Qb8+ Kf7 42. Qb6 Kg6 43. Nh4+ Kg7 44. g4 1-0

[Event "BL2-West 2223"]
[Site "Germany"]
[Date "2022.11.27"]
[Round "4.4"]
[White "Hammes, Michael"]
[Black "Akbarinia, Sayed Arash"]
[Result "1-0"]
[WhiteElo "2336"]
[BlackElo "2386"]
[PlyCount "139"]
[EventDate "2022.10.22"]
[EventType "team-tourn"]
[EventRounds "10"]
[EventCountry "GER"]
[SourceTitle "EXT 2024"]
[Source "ChessBase"]
[SourceDate "2023.10.10"]
[SourceVersion "1"]
[SourceVersionDate "2023.10.10"]
[SourceQuality "1"]
[WhiteTeam "Koblenz"]
[BlackTeam "Oberursel"]
[WhiteTeamCountry "GER"]
[BlackTeamCountry "GER"]

1. d4 d5 2. c4 e6 3. Nc3 Be7 4. Nf3 Nf6 5. Bg5 h6 6. Bh4 Nbd7 7. e3 0-0 8. cxd5 Nxd5 9. Bxe7 Qxe7 10. Be2 Nxc3 11. bxc3 e5 12. 0-0 b6 13. a4 a5 14. Bb5 Bb7 15. Bxd7 Bxf3 16. Qxf3 Qxd7 17. Rfd1 Qe6 18. Qe4 Rae8 19. d5 Qd6 20. c4 f5 21. Qd3 f4 22. e4 f3 23. g3 Qd7 24. Re1 Rf6 25. Re3 Ref8 26. Qf1 h5 27. h3 h4 28. g4 Rf4 29. Kh2 Qd6 30. Qd3 Kh8 31. Qa3 Qd7 32. Rc1 R8f6 33. Rce1 Kh7 34. Rc1 Rf7 35. Rce1 Qd8 36. c5 Qg5 37. c6 R4f6 38. Qc1 Rg6 39. Rg1 Rf4 40. Qa3 Qd8 41. Qd3 Qf8 42. Rc1 Rgf6 43. Qc3 Qe7 44. Rd1 Kh8 45. Rdd3 Qd6 46. Qa1 Kg8 47. Qd1 Kf8 48. g5 Rg6 49. Rxf3 Rxg5 50. Rxf4+ exf4 51. Qf3 Ke7 52. Rd1 Kf6 53. Rg1 Rxg1 54. Kxg1 Ke5 55. Qg4 g5 56. Qd7 Qa3 57. Qxc7+ Kxe4 58. Qd7 Qc1+ 59. Kh2 Qf1 60. Qg4 Qc1 61. Qxg5 Kf3 62. Qg2+ Ke2 63. Qe4+ Kxf2 64. Qg2+ Ke3 65. Qg1+ Qxg1+ 66. Kxg1 Ke2 67. c7 f3 68. c8Q f2+ 69. Kh2 f1Q 70. Qc4+ 1-0

[Event "BL2-West 2223"]
[Site "Germany"]
[Date "2022.10.22"]
[Round "1.5"]
[White "Schlecht, Daniel"]
[Black "Hammes, Michael"]
[Result "0-1"]
[WhiteElo "2373"]
[BlackElo "2336"]
[PlyCount "92"]
[EventDate "2022.10.22"]
[EventType "team-tourn"]
[EventRounds "10"]
[EventCountry "GER"]
[SourceTitle "EXT 2024"]
[Source "ChessBase"]
[SourceDate "2023.10.10"]
[SourceVersion "1"]
[SourceVersionDate "2023.10.10"]
[SourceQuality "1"]
[WhiteTeam "Solingen II"]
[BlackTeam "Koblenz"]
[WhiteTeamCountry "GER"]
[BlackTeamCountry "GER"]

1. e4 e6 2. d4 d5 3. e5 c5 4. c3 Qb6 5. Nf3 Nc6 6. Be2 cxd4 7. cxd4 Nh6 8. Bxh6 Qxb2 9. Nbd2 gxh6 10. 0-0 Qb6 11. Nb3 Bg7 12. Bd3 0-0 13. Qb1 f5 14. Qc1 Qd8 15. Qd2 Ne7 16. Rfc1 Rf7 17. Rc3 Ng6 18. Rac1 b6 19. Rc6 Bf8 20. Qc3 Bd7 21. Rc7 Rg7 22. Bf1 a5 23. Qe3 Be8 24. Rxg7+ Kxg7 25. Qc3 Bd7 26. Qc7 Be7 27. Qxd8 Bxd8 28. Ne1 Kf7 29. Nd2 Ke8 30. Nb1 b5 31. Na3 Rb8 32. Nb1 Bb6 33. Nf3 b4 34. Nbd2 a4 35. g3 Ne7 36. Rb1 Ba7 37. Rd1 Nc6 38. Nb1 Na5 39. Be2 Rc8 40. Bd3 b3 41. axb3 Nxb3 42. Na3 Nxd4 43. Nxd4 Bxd4 44. Ba6 Ra8 45. Bb7 Rb8 46. Bxd5 Bc5 0-1

[Event "EU-Cup 36th"]
[Site "Struga"]
[Date "2021.09.23"]
[Round "6.2"]
[White "De Graaf, Dick"]
[Black "Hammes, Michael"]
[Result "1-0"]
[WhiteElo "2076"]
[BlackElo "2345"]
[PlyCount "98"]
[EventDate "2021.09.18"]
[EventType "team-swiss"]
[EventRounds "7"]
[EventCountry "MKD"]
[SourceTitle "CBM 204 Extra"]
[Source "ChessBase"]
[SourceDate "2021.11.30"]
[SourceVersion "1"]
[SourceVersionDate "2021.11.30"]
[SourceQuality "1"]
[WhiteTeam "En Passant"]
[BlackTeam "Echternach Sprenger"]
[WhiteTeamCountry "NED"]
[BlackTeamCountry "LUX"]

1. e4 e6 2. d4 d5 3. Nc3 Nf6 4. Bg5 Bb4 5. e5 h6 6. Bd2 Bxc3 7. bxc3 Ne4 8. Bc1 c5 9. Ne2 Qa5 10. f3 Nxc3 11. Qd2 cxd4 12. Nxd4 Qc7 13. Bb2 Qxe5+ 14. Kf2 Na4 15. Bb5+ Bd7 16. Bxa4 0-0 17. Bb3 Qd6 18. f4 Na6 19. Rhe1 Nc5 20. Kg1 Ne4 21. Qe3 b5 22. Nf3 Rfc8 23. Rad1 Qe7 24. Ne5 Be8 25. Bd4 a5 26. c3 f6 27. Nf3 f5 28. Bc2 Qa3 29. Bb1 Bc6 30. Rc1 Be8 31. Nd2 Ra6 32. Nxe4 fxe4 33. Qg3 Qf8 34. Bc2 Rac6 35. Bb1 Rc4 36. a3 Ra4 37. f5 exf5 38. Qe5 Qf7 39. Rf1 Bd7 40. Ba2 Be6 41. Bxd5 Bxd5 42. Rxf5 Qg6 43. Qxd5+ Kh7 44. Rcf1 e3 45. Qf3 Rxa3 46. Rf7 Rg8 47. Qxe3 b4 48. R1f3 b3 49. Rg3 Qc2 1-0

[Event "EU-Cup 36th"]
[Site "Struga"]
[Date "2021.09.21"]
[Round "4.2"]
[White "Andreasson, Ingvar"]
[Black "Hammes, Michael"]
[Result "0-1"]
[WhiteElo "2331"]
[BlackElo "2345"]
[PlyCount "90"]
[EventDate "2021.09.18"]
[EventType "team-swiss"]
[EventRounds "7"]
[EventCountry "MKD"]
[SourceTitle "CBM 204 Extra"]
[Source "ChessBase"]
[SourceDate "2021.11.30"]
[SourceVersion "1"]
[SourceVersionDate "2021.11.30"]
[SourceQuality "1"]
[WhiteTeam "Pelaro Alingsas"]
[BlackTeam "Echternach Sprenger"]
[WhiteTeamCountry "SWE"]
[BlackTeamCountry "LUX"]

1. Nf3 d5 2. b3 c5 3. e3 a6 4. c4 d4 5. exd4 cxd4 6. g3 Nc6 7. d3 e5 8. a3 Bd6 9. Bg2 h6 10. 0-0 Nf6 11. Re1 0-0 12. b4 Re8 13. Ra2 Re7 14. Rae2 Qe8 15. Bb2 Bf5 16. Nh4 Bg4 17. Nf3 Qd7 18. Nbd2 Rae8 19. c5 Bc7 20. Qb3 Be6 21. Nc4 Bd5 22. Nfd2 Bxg2 23. Kxg2 Nh7 24. Nb6 Bxb6 25. cxb6 Kh8 26. a4 f5 27. b5 axb5 28. axb5 Nd8 29. Nf3 Nf7 30. Ba3 Re6 31. Bc5 Nhg5 32. Nh4 Rc8 33. f4 Rxc5 34. fxg5 hxg5 35. Nxf5 Rxb6 36. Nxd4 Qd5+ 37. Qxd5 Rxd5 38. Nf3 Rbxb5 39. d4 exd4 40. Re7 Nh6 41. Ne5 d3 42. Ng6+ Kh7 43. Nf8+ Kg8 44. Re8 Rb2+ 45. Kg1 Rc2 0-1

[Event "EU-Cup 36th"]
[Site "Struga"]
[Date "2021.09.19"]
[Round "2.17"]
[White "Hammes, Michael"]
[Black "Diermair, Andreas"]
[Result "0-1"]
[WhiteElo "2345"]
[BlackElo "2480"]
[PlyCount "80"]
[EventDate "2021.09.18"]
[EventType "team-swiss"]
[EventRounds "7"]
[EventCountry "MKD"]
[SourceTitle "CBM 204 Extra"]
[Source "ChessBase"]
[SourceDate "2021.11.30"]
[SourceVersion "1"]
[SourceVersionDate "2021.11.30"]
[SourceQuality "1"]
[WhiteTeam "Echternach Sprenger"]
[BlackTeam "Raika Feffernitz"]
[WhiteTeamCountry "LUX"]
[BlackTeamCountry "AUT"]

1. d4 Nf6 2. c4 e6 3. Nf3 d5 4. Nc3 c6 5. e3 Nbd7 6. Qc2 Bd6 7. Be2 0-0 8. b3 b6 9. 0-0 Bb7 10. Bb2 Qe7 11. Rad1 Rad8 12. e4 dxe4 13. Nxe4 Nxe4 14. Qxe4 f5 15. Qb1 c5 16. Rfe1 cxd4 17. Nxd4 Bb4 18. Rf1 Ne5 19. f4 Ng6 20. Qc1 Bc5 21. Kh1 e5 22. fxe5 Qxe5 23. Bf3 Bd6 24. g3 Bxf3+ 25. Nxf3 Qe4 26. Rde1 Qb7 27. Qc2 f4 28. Qg2 fxg3 29. hxg3 Bb4 30. Re2 Bc5 31. Nh2 Rxf1+ 32. Nxf1 Qf7 33. Rd2 Rf8 34. Nh2 Ne7 35. Qe4 Nf5 36. Be5 Re8 37. Rd3 Bd6 38. Ng4 h5 39. Rf3 hxg4 40. Rxf5 Qe6 0-1

[Event "BL2-West 1920"]
[Site "Germany"]
[Date "2020.03.01"]
[Round "7.6"]
[White "Hammes, Michael"]
[Black "Dardha, Arben"]
[Result "1-0"]
[WhiteElo "2341"]
[BlackElo "2285"]
[PlyCount "141"]
[EventDate "2019.09.19"]
[EventType "team-tourn"]
[EventRounds "9"]
[EventCountry "GER"]
[SourceTitle "EXT 2023"]
[Source "ChessBase"]
[SourceDate "2022.10.05"]
[SourceVersion "1"]
[SourceVersionDate "2022.10.05"]
[SourceQuality "1"]
[WhiteTeam "Koblenz SV"]
[BlackTeam "Aachen DJK"]
[WhiteTeamCountry "GER"]
[BlackTeamCountry "GER"]

1. d4 Nf6 2. c4 e6 3. Nf3 d5 4. Nc3 c5 5. cxd5 Nxd5 6. e4 Nxc3 7. bxc3 cxd4 8. cxd4 Bb4+ 9. Bd2 Bxd2+ 10. Qxd2 0-0 11. Bc4 Nd7 12. 0-0 b6 13. Rfe1 Bb7 14. Rad1 Rc8 15. Bb3 Re8 16. h4 Nf6 17. Qf4 Nh5 18. Qg5 Qxg5 19. hxg5 Nf4 20. g3 Ng6 21. Nd2 b5 22. f4 Ne7 23. Nf1 Red8 24. Kf2 a5 25. Rd2 a4 26. Bd1 Rc4 27. d5 exd5 28. exd5 Nf5 29. d6 Kf8 30. d7 Rd4 31. Bg4 Rxd2+ 32. Nxd2 Rxd7 33. Nb1 g6 34. Bxf5 gxf5 35. a3 Rc7 36. Re5 Rc2+ 37. Re2 Rxe2+ 38. Kxe2 Ke7 39. Ke3 Kd6 40. Kd4 Bd5 41. Nc3 Bc4 42. Nxa4 Be6 43. Nc3 Kc6 44. Nd1 Kb6 45. Nb2 Kc6 46. Nd3 Kd6 47. Ne5 Bb3 48. Kc3 Bd5 49. Kb4 Bc6 50. Nxf7+ Kd5 51. Nh6 Ke4 52. Kc5 Be8 53. Kd6 Bh5 54. Ke6 Bd1 55. Kf6 Kf3 56. Nxf5 Ba4 57. Ke5 Kg4 58. Nd4 Kh5 59. Ne6 h6 60. gxh6 Kxh6 61. Nd4 Kg6 62. Ke6 Kg7 63. g4 Bd1 64. g5 Kg6 65. Nxb5 Bg4+ 66. Ke5 Bd7 67. Nc3 Kf7 68. f5 Bc6 69. a4 Ke7 70. g6 Kf8 71. a5 1-0

[Event "BL2-West 1920"]
[Site "Germany"]
[Date "2020.02.09"]
[Round "6.3"]
[White "Hammes, Michael"]
[Black "Scholz, Christian"]
[Result "1-0"]
[WhiteElo "2341"]
[BlackElo "2373"]
[PlyCount "61"]
[EventDate "2019.09.19"]
[EventType "team-tourn"]
[EventRounds "9"]
[EventCountry "GER"]
[SourceTitle "EXT 2023"]
[Source "ChessBase"]
[SourceDate "2022.10.05"]
[SourceVersion "1"]
[SourceVersionDate "2022.10.05"]
[SourceQuality "1"]
[WhiteTeam "Koblenz SV"]
[BlackTeam "Dortmund Hansa"]
[WhiteTeamCountry "GER"]
[BlackTeamCountry "GER"]

1. d4 Nf6 2. c4 g6 3. Nc3 Bg7 4. e4 d6 5. Nf3 0-0 6. h3 e5 7. d5 Nh5 8. g3 f5 9. exf5 gxf5 10. Nh4 Nf4 11. gxf4 Qxh4 12. Rg1 Re8 13. Be2 Kh8 14. fxe5 Bxe5 15. Bg5 Qxh3 16. Qd2 Na6 17. 0-0-0 Rg8 18. Rh1 Qg2 19. f4 Rxg5 20. fxg5 Bd7 21. Rdg1 Qf2 22. Rf1 Qd4 23. g6 Qxd2+ 24. Kxd2 Bg7 25. Bd3 Rf8 26. Rxh7+ Kg8 27. Re1 Bc8 28. Re7 Bf6 29. Ref7 Bg5+ 30. Kd1 Rxf7 31. gxf7+ 1-0

[Event "BL2-West 1920"]
[Site "Germany"]
[Date "2019.12.08"]
[Round "4.3"]
[White "Orlov, Andrey"]
[Black "Hammes, Michael"]
[Result "1-0"]
[WhiteElo "2506"]
[BlackElo "2341"]
[PlyCount "69"]
[EventDate "2019.09.19"]
[EventType "team-tourn"]
[EventRounds "9"]
[EventCountry "GER"]
[SourceTitle "EXT 2023"]
[Source "ChessBase"]
[SourceDate "2022.10.05"]
[SourceVersion "1"]
[SourceVersionDate "2022.10.05"]
[SourceQuality "1"]
[WhiteTeam "Duesseldorf"]
[BlackTeam "Koblenz SV"]
[WhiteTeamCountry "GER"]
[BlackTeamCountry "GER"]

1. e4 e6 2. d4 d5 3. Nc3 Bb4 4. exd5 exd5 5. Bd3 Nc6 6. Nge2 Nge7 7. 0-0 Bf5 8. Ng3 Bxd3 9. Qxd3 Qd7 10. Nce2 h5 11. c3 Bd6 12. Re1 0-0-0 13. Bf4 g6 14. Bxd6 Qxd6 15. Qf3 h4 16. Nf1 Nf5 17. Nf4 Rd7 18. Ne3 Nxe3 19. Rxe3 Ne7 20. Rae1 c6 21. Nd3 Nf5 22. R3e2 b6 23. a4 a5 24. Qg4 Kb7 25. b4 Ra8 26. Rb2 Kc7 27. Reb1 axb4 28. Rxb4 Ra6 29. Qe2 Re7 30. Qb2 c5 31. dxc5 bxc5 32. Rb7+ Kd8 33. Rb8+ Kd7 34. Qb7+ Ke6 35. Qxa6 1-0

[Event "EU-Cup 35th"]
[Site "Ulcinj"]
[Date "2019.11.11"]
[Round "2.17"]
[White "Umudova, Nargiz"]
[Black "Hammes, Michael"]
[Result "1-0"]
[WhiteElo "2270"]
[BlackElo "2348"]
[PlyCount "93"]
[EventDate "2019.11.10"]
[EventType "team-swiss"]
[EventRounds "7"]
[EventCountry "MNE"]
[SourceTitle "CBM 193 Extra"]
[Source "ChessBase"]
[SourceDate "2020.01.31"]
[SourceVersion "1"]
[SourceVersionDate "2020.01.31"]
[SourceQuality "1"]
[WhiteTeam "Mosan Echiquier"]
[BlackTeam "Echternach Sprenger"]
[WhiteTeamCountry "NED"]
[BlackTeamCountry "LUX"]

1. e4 e6 2. d4 d5 3. exd5 exd5 4. Nf3 Nf6 5. Bd3 c5 6. dxc5 Bxc5 7. Qe2+ Qe7 8. Qxe7+ Kxe7 9. 0-0 Re8 10. Nc3 a6 11. Bg5 Be6 12. Bxh7 Kf8 13. Bxf6 gxf6 14. Rad1 Kg7 15. Bd3 Nc6 16. h3 Rad8 17. Ne2 Bc8 18. Ng3 Ne5 19. Nh4 Rh8 20. Nhf5+ Kf8 21. c3 Rg8 22. Kh2 Rh8 23. Be2 Ba7 24. Nd4 Nc6 25. Nxc6 bxc6 26. Nh5 Rh6 27. g4 a5 28. Kg2 Bb8 29. f4 Ba7 30. g5 fxg5 31. fxg5 Rhd6 32. Bd3 Kg8 33. Nf6+ Kg7 34. Rf3 Rh8 35. Rdf1 Be6 36. Ng4 Rh5 37. Bf5 Bd7 38. Bxd7 Rxd7 39. Rf5 Rb7 40. Ne5 Rxb2+ 41. Kg3 Kg8 42. Nxf7 Bc5 43. Kg4 Rh7 44. Nh6+ Rxh6 45. gxh6 Rxa2 46. Rg5+ Kh7 47. Kh5 1-0

[Event "BL2-West 1920"]
[Site "Germany"]
[Date "2019.09.29"]
[Round "1.8"]
[White "Huhndorf, Arnold"]
[Black "Hammes, Michael"]
[Result "0-1"]
[WhiteElo "2211"]
[BlackElo "2341"]
[PlyCount "90"]
[EventDate "2019.09.19"]
[EventType "team-tourn"]
[EventRounds "9"]
[EventCountry "GER"]
[SourceTitle "EXT 2023"]
[Source "ChessBase"]
[SourceDate "2022.10.05"]
[SourceVersion "1"]
[SourceVersionDate "2022.10.05"]
[SourceQuality "1"]
[WhiteTeam "Remagen Sinzig"]
[BlackTeam "Koblenz SV"]
[WhiteTeamCountry "GER"]
[BlackTeamCountry "GER"]

1. d4 e6 2. c4 Nf6 3. g3 d5 4. Bg2 a6 5. Nf3 dxc4 6. 0-0 Nc6 7. e3 Rb8 8. Qe2 b5 9. b3 cxb3 10. axb3 Be7 11. Bb2 0-0 12. Rc1 Bb7 13. Nc3 Nb4 14. Na2 Nd7 15. Ne1 Bxg2 16. Nxb4 Bxb4 17. Nd3 Bd6 18. Kxg2 Rb6 19. e4 Qa8 20. f3 Rc6 21. e5 Be7 22. Qe4 Rxc1 23. Rxc1 Nb6 24. Rxc7 Nd5 25. Rc1 Rc8 26. Nf4 Rxc1 27. Bxc1 a5 28. Nxd5 exd5 29. Qc2 a4 30. bxa4 bxa4 31. Bb2 a3 32. Ba1 Qa6 33. f4 h5 34. Kf2 g6 35. Qc3 Qb7 36. Qc2 Qd7 37. Kg2 h4 38. Qd3 Qc8 39. Qc3 Qf5 40. Qb3 h3+ 41. Kf2 Qe4 42. Qb7 Bf8 43. Qd7 Qg2+ 44. Ke3 Qxh2 45. e6 Qxg3+ 0-1

[Event "POR-chT"]
[Site "Evora"]
[Date "2019.07.20"]
[Round "8.3"]
[White "Spraggett, Kevin"]
[Black "Hammes, Michael"]
[Result "1/2-1/2"]
[WhiteElo "2511"]
[BlackElo "2340"]
[PlyCount "85"]
[EventDate "2019.07.15"]
[EventType "team-tourn"]
[EventRounds "9"]
[EventCountry "POR"]
[SourceTitle "CBM 191 Extra"]
[Source "ChessBase"]
[SourceDate "2019.09.30"]
[SourceVersion "1"]
[SourceVersionDate "2019.09.30"]
[SourceQuality "1"]
[WhiteTeam "Portugal/Atlantidiagonal"]
[BlackTeam "Coimbra"]
[WhiteTeamCountry "POR"]
[BlackTeamCountry "POR"]

1. e4 e6 2. d4 d5 3. Nc3 Nf6 4. Bg5 Be7 5. e5 Nfd7 6. Bxe7 Qxe7 7. f4 a6 8. Nf3 c5 9. dxc5 Nc6 10. Bd3 Qxc5 11. Qd2 b5 12. a3 Nb6 13. b4 Qe7 14. 0-0 Bb7 15. Qf2 Nd7 16. Rae1 g6 17. Nd4 Nxd4 18. Qxd4 Qd8 19. Ne2 Qb6 20. Kf2 h5 21. g3 Rc8 22. Ke3 Ke7 23. Kd2 Qxd4 24. Nxd4 Nb6 25. Rf2 Na4 26. h3 Rc3 27. Ra1 Rc7 28. Rg2 Bc8 29. Ke3 Bd7 30. Rf2 Rc3 31. Ne2 Rcc8 32. Rg1 Nb2 33. Kd2 Rc7 34. Rb1 Na4 35. g4 hxg4 36. hxg4 Rh4 37. Rg2 Nb6 38. Nd4 Rc8 39. Nf3 Rh3 40. Ng5 Rh4 41. Nf3 Rh3 42. Ng5 Rh4 43. Nf3 1/2-1/2

[Event "BL2-West 1819"]
[Site "Germany"]
[Date "2018.11.11"]
[Round "2.3"]
[White "Hammes, Michael"]
[Black "Schaefer, Markus"]
[Result "1/2-1/2"]
[WhiteElo "2347"]
[BlackElo "2380"]
[PlyCount "37"]
[EventDate "2018.11.21"]
[EventType "team-tourn"]
[EventRounds "9"]
[EventCountry "GER"]
[SourceTitle "CBM 190 Extra"]
[Source "ChessBase"]
[SourceDate "2019.07.15"]
[SourceVersion "1"]
[SourceVersionDate "2019.07.15"]
[SourceQuality "1"]
[WhiteTeam "Koblenz"]
[BlackTeam "Solingen II"]
[WhiteTeamCountry "GER"]
[BlackTeamCountry "GER"]

1. d4 d5 2. c4 c6 3. Nc3 Nf6 4. Nf3 e6 5. Bg5 Be7 6. e3 0-0 7. cxd5 cxd5 8. Bd3 Nc6 9. 0-0 Ne8 10. Bxe7 Qxe7 11. e4 dxe4 12. Bxe4 Qd6 13. d5 exd5 14. Qxd5 Qxd5 15. Bxd5 Nb4 16. Bb3 Nd3 17. Rad1 Nc5 18. Bd5 Nf6 19. b4 1/2-1/2

[Event "EU-Cup 34th"]
[Site "Porto Carras"]
[Date "2018.10.18"]
[Round "7.5"]
[White "Stojanovic, Mihajlo"]
[Black "Hammes, Michael"]
[Result "1-0"]
[WhiteElo "2522"]
[BlackElo "2335"]
[PlyCount "67"]
[EventDate "2018.10.12"]
[EventType "team-swiss"]
[EventRounds "7"]
[EventCountry "GRE"]
[SourceTitle "CBM 187"]
[Source "ChessBase"]
[SourceDate "2018.12.11"]
[SourceVersion "1"]
[SourceVersionDate "2018.12.11"]
[SourceQuality "1"]
[WhiteTeam "Itaka"]
[BlackTeam "Eynatten"]
[WhiteTeamCountry "SRB"]
[BlackTeamCountry "BEL"]

1. d4 e6 2. c4 Nf6 3. Nc3 Bb4 4. Qc2 0-0 5. a3 Bxc3+ 6. Qxc3 d5 7. Nf3 dxc4 8. Qxc4 b6 9. Bg5 Ba6 10. Qc2 h6 11. Bf4 Nd5 12. Bg3 c5 13. e4 Bxf1 14. Rxf1 Nf6 15. 0-0-0 cxd4 16. Nxd4 Qc8 17. f3 Qxc2+ 18. Kxc2 Rc8+ 19. Kb1 a6 20. Rc1 Nbd7 21. Nc6 Kf8 22. Rfd1 Ke8 23. Rd6 Nh5 24. Bf2 Rc7 25. Rcd1 Rac8 26. Nb4 a5 27. Na2 Rb7 28. Nc3 Nc5 29. Nb5 Ke7 30. Rc1 Nf4 31. b4 axb4 32. axb4 Rcb8 33. Rc2 Nfd3 34. bxc5 1-0

[Event "EU-Cup 34th"]
[Site "Porto Carras"]
[Date "2018.10.14"]
[Round "3.5"]
[White "Hammes, Michael"]
[Black "David, Alberto"]
[Result "1/2-1/2"]
[WhiteElo "2335"]
[BlackElo "2561"]
[PlyCount "87"]
[EventDate "2018.10.12"]
[EventType "team-swiss"]
[EventRounds "7"]
[EventCountry "GRE"]
[SourceTitle "CBM 187"]
[Source "ChessBase"]
[SourceDate "2018.12.11"]
[SourceVersion "1"]
[SourceVersionDate "2018.12.11"]
[SourceQuality "1"]
[WhiteTeam "Eynatten"]
[BlackTeam "Padova Obiettivo"]
[WhiteTeamCountry "BEL"]
[BlackTeamCountry "ITA"]

1. d4 Nf6 2. c4 e6 3. Nf3 b6 4. a3 Bb7 5. Nc3 d5 6. cxd5 Nxd5 7. Qc2 Be7 8. e4 Nxc3 9. bxc3 0-0 10. Bd3 c5 11. 0-0 Qc7 12. Qe2 Rd8 13. Re1 Nd7 14. a4 Rac8 15. Bd2 e5 16. Rac1 c4 17. Bb1 Bd6 18. g3 Re8 19. d5 Nc5 20. Qxc4 Ba6 21. Qa2 Nd3 22. Bxd3 Bxd3 23. c4 Bxc4 24. Qb1 Qe7 25. Bc3 Rc7 26. Nd2 Rec8 27. Nxc4 Rxc4 28. Bd2 Qd7 29. Qb5 Qxb5 30. axb5 Kf8 31. Be3 Ke8 32. f3 Ba3 33. Rxc4 Rxc4 34. Ra1 Rc3 35. Kf2 Rb3 36. Ke2 Kd8 37. f4 f6 38. fxe5 fxe5 39. g4 Ke8 40. h4 Rb2+ 41. Kd3 Rb3+ 42. Ke2 Rb2+ 43. Kd3 Rb3+ 44. Ke2 1/2-1/2